[Event "TV Borken 1 - SV Heiden 1"]
[Site "Verbandsliga 2017/2018"]
[Date "2018.04.14"]
[Round "8.2"]
[White "Beckmann, David"]
[Black "Wienen, Hermann"]
[Result "1-0"]
[WhiteElo "2010"]
[BlackElo "1930"]
[PlyCount "109"]
[EventDate "2018.??.??"]
[SourceDate "2017.09.16"]

1. d4 e6 2. Nf3 Nf6 3. g3 d5 4. Bg2 Bd6 5. O-O O-O 6. c4 c6 7. Qc2 Nbd7 8. Nc3
dxc4 9. a4 e5 10. Rd1 Qe7 11. Bg5 h6 12. dxe5 Nxe5 13. Bxf6 gxf6 14. Qd2 Bb4
15. Nxe5 Qxe5 16. Qxh6 Bxc3 17. bxc3 Qg5 18. Qxg5+ fxg5 19. Rab1 Re8 20. e3 Bf5
21. Rxb7 Rad8 22. Rc1 Rd2 23. Bxc6 Red8 24. e4 Bh3 25. Bd5 Be6 26. Bxe6 fxe6
27. Rc7 Rb2 28. Rxc4 Rdd2 29. Rf1 Re2 30. Rc7 Rxe4 31. Rd1 Rb8 32. Rxa7 Rc4 33.
Rd3 g4 34. Kg2 Re4 35. Rd4 Rxd4 36. cxd4 Rb4 37. Re7 Rxa4 38. Rxe6 Rxd4 39. Rf6
Kg7 40. Rf4 Rd2 41. Rxg4+ Kf6 42. h4 Kf5 43. Rg8 Kf6 44. g4 Kf7 45. Rg5 Kf6 46.
Ra5 Kg6 47. Ra6+ Kg7 48. Kg3 Rd4 49. h5 Kh7 50. f4 Kg7 51. g5 Kh7 52. Ra7+ Kg8
53. Kg4 Kh8 54. g6 Rd8 55. Kg5 1-0

[Event "TV Borken 1 - SV Heiden 1"]
[Site "Verbandsliga 2017/2018"]
[Date "2018.04.14"]
[Round "8.3"]
[White "Ehrlich, Hans-Georg"]
[Black "Schroer, Klaus"]
[Result "1/2-1/2"]
[WhiteElo "1788"]
[BlackElo "2023"]
[PlyCount "48"]
[EventDate "2018.??.??"]
[SourceDate "2017.09.16"]

1. b4 d5 2. Bb2 Nf6 3. Nf3 e6 4. b5 a6 5. a4 Be7 6. e3 O-O 7. Be2 Nbd7 8. O-O
c5 9. c4 axb5 10. axb5 Rxa1 11. Bxa1 b6 12. d4 Bb7 13. Nbd2 Qc7 14. cxd5 Nxd5
15. dxc5 Nxc5 16. Nc4 Ra8 17. Be5 Qd8 18. Qc2 f6 19. Rd1 Qf8 20. Bg3 e5 21.
Nfd2 Qf7 22. e4 Nb4 23. Qb1 Na2 24. Qc2 Nb4 1/2-1/2

[Event "TV Borken 1 - SV Heiden 1"]
[Site "Verbandsliga 2017/2018"]
[Date "2018.04.14"]
[Round "8.4"]
[White "Vijayakumaran, Vithoosan"]
[Black "Sicking, Norbert"]
[Result "1/2-1/2"]
[WhiteElo "1725"]
[BlackElo "1801"]
[PlyCount "97"]
[EventDate "2018.??.??"]
[SourceDate "2017.09.16"]

1. d4 Nf6 2. c4 c6 3. Nc3 d5 4. e3 e6 5. Nf3 Nbd7 6. a3 a6 7. Be2 b5 8. cxb5
axb5 9. Bd2 Bd6 10. Na2 O-O 11. Rc1 Qb6 12. Bb4 Bxb4+ 13. Nxb4 Bb7 14. Nd2 Rfc8
15. Nb3 h6 16. Bd3 Qd8 17. O-O Qe7 18. Re1 Qd6 19. Qc2 Ng4 20. g3 e5 21. Bf5
Ngf6 22. Nc5 Nxc5 23. dxc5 Qe7 24. Bxc8 Rxc8 25. a4 bxa4 26. Qxa4 e4 27. Qc2
Nd7 28. f4 exf3 29. e4 Qf6 30. Nd3 dxe4 31. Rxe4 Ba6 32. Nf2 Be2 33. Qd2 Nf8
34. Qd4 Qg5 35. Ra1 Rd8 36. Qc3 Ne6 37. b4 h5 38. Qe3 Qf6 39. Rb1 g6 40. Rc1
Qf5 41. Rc3 Qd5 42. Rc1 Rb8 43. Re5 Qa2 44. Ne4 Qb2 45. Qc3 Qxb4 46. Nf6+ Kh8
47. Qa1 Qb2 48. Ne4 Kg7 49. Re1 1/2-1/2

[Event "TV Borken 1 - SV Heiden 1"]
[Site "Verbandsliga 2017/2018"]
[Date "2018.04.14"]
[Round "8.5"]
[White "Herdering, Martin"]
[Black "Farwick, Christian"]
[Result "1/2-1/2"]
[WhiteElo "1806"]
[BlackElo "1844"]
[PlyCount "47"]
[EventDate "2018.??.??"]
[SourceDate "2017.09.16"]

1. e4 c5 2. Nf3 e6 3. d4 cxd4 4. Nxd4 d6 5. Nc3 Be7 6. Be3 Nf6 7. Be2 Bd7 8.
Qd2 a6 9. f4 Nc6 10. Bf3 O-O 11. O-O-O Qb8 12. g4 Rd8 13. g5 Ne8 14. h4 Nxd4
15. Bxd4 Bc6 16. h5 b5 17. Qg2 b4 18. Ne2 Qb5 19. g6 e5 20. Be3 Rac8 21. h6
fxg6 22. Kb1 Nf6 23. f5 Be8 24. Ng3 1/2-1/2

[Event "TV Borken 1 - SV Heiden 1"]
[Site "Verbandsliga 2017/2018"]
[Date "2018.04.14"]
[Round "8.6"]
[White "Rickert, Berthold"]
[Black "Niewerth, Gerd"]
[Result "1/2-1/2"]
[WhiteElo "1727"]
[BlackElo "1784"]
[PlyCount "60"]
[EventDate "2018.??.??"]
[SourceDate "2017.09.16"]

1. c4 Nf6 2. Nc3 g6 3. g3 Bg7 4. Bg2 O-O 5. d4 d6 6. Nf3 Nc6 7. O-O Bd7 8. e4
e5 9. d5 Ne7 10. Ne1 Ne8 11. f4 f5 12. Nd3 exf4 13. Bxf4 fxe4 14. Nxe4 h6 15.
Qd2 Kh7 16. Rae1 Nf5 17. Qc1 Nf6 18. Bd2 Nxe4 19. Bxe4 c5 20. Bc3 Nd4 21. Nf4
Bf5 22. Kg2 Qd7 23. Bxf5 gxf5 24. Ne6 Rf7 25. Nxg7 Rxg7 26. Bxd4 cxd4 27. Re6
Rg6 28. Rfe1 Rxe6 29. Rxe6 Qg7 30. Qe1 Rf8 1/2-1/2

[Event "TV Borken 1 - SV Heiden 1"]
[Site "Verbandsliga 2017/2018"]
[Date "2018.04.14"]
[Round "8.7"]
[White "Winzenhörlein, Thomas"]
[Black "Wagner, Nils-Frederic"]
[Result "1/2-1/2"]
[WhiteElo "1740"]
[BlackElo "1725"]
[PlyCount "29"]
[EventDate "2018.??.??"]
[SourceDate "2017.09.16"]

1. f4 d5 2. Nf3 Nf6 3. e3 g6 4. Be2 Bg7 5. O-O c5 6. d3 O-O 7. Nc3 Nc6 8. e4
dxe4 9. dxe4 e6 10. e5 Nd5 11. Ne4 Qb6 12. Kh1 Rd8 13. Qe1 Ncb4 14. c4 Nc2 15.
Qh4 1/2-1/2

[Event "TV Borken 1 - SV Heiden 1"]
[Site "Verbandsliga 2017/2018"]
[Date "2018.04.14"]
[Round "8.8"]
[White "Theißen, Frank"]
[Black "Kloster, Elisabeth"]
[Result "0-1"]
[WhiteElo "1748"]
[BlackElo "1742"]
[PlyCount "78"]
[EventDate "2018.??.??"]
[SourceDate "2017.09.16"]

1. e4 e6 2. d4 d5 3. Nc3 Bb4 4. e5 Ne7 5. a3 Bxc3+ 6. bxc3 Ng6 7. Nf3 Nd7 8. a4
c5 9. g3 Qc7 10. h4 h6 11. Bh3 Nb6 12. Bf1 Bd7 13. a5 Na4 14. Bd2 Qxa5 15. c4
Qc7 16. cxd5 exd5 17. c3 b5 18. Qb1 a6 19. Bd3 Qc6 20. O-O c4 21. Bc2 O-O 22.
h5 Bg4 23. Nh2 Bh3 24. hxg6 Bxf1 25. Nxf1 f6 26. Bxa4 bxa4 27. Bf4 Rab8 28. Qa2
fxe5 29. dxe5 Qxg6 30. Qd2 Rb5 31. Rxa4 a5 32. Be3 Qe4 33. Qd4 Qf3 34. Ra1 Rfb8
35. Qf4 Qe2 36. Bd4 Rb1 37. Kh2 Rxa1 38. e6 Rf8 39. Qe3 Qxf1 0-1

[Event "SF Olfen 1 - SK Metelen 1"]
[Site "Verbandsliga 2017/2018"]
[Date "2018.04.14"]
[Round "8.1"]
[White "Bernink, Henk"]
[Black "Koke, Christoph"]
[Result "0-1"]
[WhiteElo "2102"]
[BlackElo "2075"]
[PlyCount "62"]
[EventDate "2018.??.??"]
[SourceDate "2017.09.16"]

1. c4 c6 2. d4 d5 3. cxd5 cxd5 4. Nf3 Nf6 5. Nc3 Nc6 6. Bf4 Nh5 7. Bd2 Nf6 8.
e3 g6 9. Bd3 Bf5 10. Bxf5 gxf5 11. Ne5 e6 12. Rc1 Bd6 13. Qa4 Bxe5 14. dxe5 Ne4
15. Nxe4 dxe4 16. Bb4 Qb6 17. Bd6 f6 18. O-O fxe5 19. Rc3 Kf7 20. f4 exf4 21.
Rxf4 Rad8 22. Ba3 Kg6 23. g4 Rd5 24. Rc2 Qxe3+ 25. Rff2 Nd4 26. gxf5+ Rxf5 27.
Bc5 Qe1+ 28. Kg2 Rg5+ 29. Kh3 Qe3+ 30. Kh4 Rh5+ 31. Kg4 Qg5# 0-1

[Event "SF Olfen 1 - SK Metelen 1"]
[Site "Verbandsliga 2017/2018"]
[Date "2018.04.14"]
[Round "8.2"]
[White "Bösel, Alexander"]
[Black "Koch, Alexander"]
[Result "1/2-1/2"]
[WhiteElo "2000"]
[BlackElo "2013"]
[PlyCount "85"]
[EventDate "2018.??.??"]
[SourceDate "2017.09.16"]

1. e4 c5 2. Nf3 Nc6 3. d4 cxd4 4. Nxd4 Nf6 5. Nc3 d6 6. Bg5 a6 7. Qd2 Nxd4 8.
Qxd4 Qa5 9. Bd2 e5 10. Qd3 Qc7 11. O-O-O Be6 12. Kb1 Rc8 13. Bg5 Nd7 14. Rd2 f6
15. Bh4 Nb6 16. Qf3 Be7 17. Qd1 O-O 18. f3 Qd7 19. Nd5 Bxd5 20. exd5 Nc4 21.
Rd3 b5 22. Rc3 Bd8 23. Bxc4 bxc4 24. Qe2 Qa4 25. b3 cxb3 26. cxb3 Qd7 27. Rxc8
Qxc8 28. Rc1 Qf5+ 29. Qc2 Qh5 30. Be1 Bb6 31. Bb4 Rd8 32. Qc6 Be3 33. Rc2 Qxh2
34. Qc7 Qg1+ 35. Kb2 Bb6 36. Qb7 a5 37. Bxd6 Rxd6 38. Rc8+ Rd8 39. Rxd8+ Bxd8
40. Qd7 Qd4+ 41. Kb1 Qd1+ 42. Kb2 Qd2+ 43. Kb1 1/2-1/2

[Event "SF Olfen 1 - SK Metelen 1"]
[Site "Verbandsliga 2017/2018"]
[Date "2018.04.14"]
[Round "8.4"]
[White "Beutelhoff, Josef"]
[Black "Grotenhuis, Gerard"]
[Result "1-0"]
[WhiteElo "1971"]
[BlackElo "1902"]
[PlyCount "63"]
[EventDate "2018.??.??"]
[SourceDate "2017.09.16"]

1. d4 d5 2. c4 e5 3. dxe5 d4 4. Nf3 Nc6 5. a3 a5 6. Bg5 Be7 7. Bxe7 Ngxe7 8.
Nbd2 a4 9. b4 axb3 10. Nxb3 Be6 11. Nbxd4 Bxc4 12. e3 Bxf1 13. Rxf1 Qd5 14.
Nxc6 Qxc6 15. Nd4 Qc3+ 16. Ke2 Rxa3 17. Rxa3 Qxa3 18. Qa1 Qxa1 19. Rxa1 Kd7 20.
f4 c6 21. e4 g6 22. Ra3 h5 23. Nf3 c5 24. Ng5 Rf8 25. Rd3+ Kc7 26. e6 f6 27.
Rd7+ Kc6 28. Nh7 Ra8 29. Rxe7 Ra2+ 30. Kf3 c4 31. Nxf6 c3 32. Nd5 1-0

[Event "SF Olfen 1 - SK Metelen 1"]
[Site "Verbandsliga 2017/2018"]
[Date "2018.04.14"]
[Round "8.5"]
[White "Zachej, Arne"]
[Black "Pinno, Gregor"]
[Result "0-1"]
[WhiteElo "1870"]
[BlackElo "1776"]
[PlyCount "50"]
[EventDate "2018.??.??"]
[SourceDate "2017.09.16"]

1. d4 d5 2. Bf4 Nf6 3. Nf3 g6 4. h3 Bg7 5. e3 O-O 6. Nbd2 c5 7. c3 Nc6 8. dxc5
Re8 9. Bb5 Nd7 10. Nb3 e5 11. Bg5 Nf6 12. O-O h6 13. Bh4 a6 14. Ba4 g5 15. Bg3
Ne4 16. Nfd2 Nxg3 17. fxg3 g4 18. hxg4 Re6 19. Bxc6 bxc6 20. Ne4 Rg6 21. g5 Be6
22. Nf6+ Kh8 23. c4 Rxg5 24. cxd5 cxd5 25. Qf3 Rf5 0-1

[Event "SF Olfen 1 - SK Metelen 1"]
[Site "Verbandsliga 2017/2018"]
[Date "2018.04.14"]
[Round "8.6"]
[White "Boenigk, Winfried"]
[Black "Wigger, Frank"]
[Result "0-1"]
[WhiteElo "1743"]
[BlackElo "1794"]
[PlyCount "56"]
[EventDate "2018.??.??"]
[SourceDate "2017.09.16"]

1. d4 Nf6 2. c4 c5 3. d5 b5 4. cxb5 a6 5. Nc3 axb5 6. Nxb5 Ba6 7. Nc3 g6 8. g3
Bg7 9. Bg2 d6 10. e4 O-O 11. Nge2 Nbd7 12. f4 Qa5 13. O-O Rfb8 14. Kh1 Ra7 15.
Rb1 Rab7 16. Qc2 Ne8 17. Rf3 Nc7 18. Bf1 Nb5 19. Nxb5 Bxb5 20. Ra3 Qc7 21. Bd2
Bxe2 22. Bxe2 Rxb2 23. Rxb2 Rxb2 24. Qc1 Qb7 25. Bd3 c4 26. Qxc4 Rxd2 27. Rb3
Qa7 28. e5 Qf2 0-1

[Event "SF Olfen 1 - SK Metelen 1"]
[Site "Verbandsliga 2017/2018"]
[Date "2018.04.14"]
[Round "8.7"]
[White "Bückers, Bernhard"]
[Black "Limberg, Johannes"]
[Result "1/2-1/2"]
[WhiteElo "1648"]
[BlackElo "1609"]
[PlyCount "31"]
[EventDate "2018.??.??"]
[SourceDate "2017.09.16"]

1. c4 Nf6 2. Nc3 e6 3. Nf3 g6 4. g3 Bg7 5. Bg2 O-O 6. d4 d5 7. cxd5 exd5 8. O-O
Nbd7 9. Re1 Re8 10. Bg5 c6 11. a3 Nf8 12. Qd2 Bf5 13. Nh4 Qd7 14. Nxf5 Qxf5 15.
Bxf6 Qxf6 16. e3 1/2-1/2

[Event "SF Olfen 1 - SK Metelen 1"]
[Site "Verbandsliga 2017/2018"]
[Date "2018.04.14"]
[Round "8.8"]
[White "Heimann, Karsten"]
[Black "Gravenkötter, Christian"]
[Result "0-1"]
[WhiteElo "1629"]
[BlackElo "1711"]
[PlyCount "114"]
[EventDate "2018.??.??"]
[SourceDate "2017.09.16"]

1. e4 e5 2. Nf3 Nc6 3. Bb5 Bc5 4. O-O d6 5. c3 a6 6. Ba4 Bg4 7. d3 Bxf3 8. Qxf3
Qf6 9. Nd2 b5 10. Bb3 Qxf3 11. Nxf3 Nge7 12. Rd1 h6 13. d4 Bb6 14. Be3 Ng6 15.
a4 O-O 16. axb5 axb5 17. Rxa8 Rxa8 18. Kf1 Na5 19. Bc2 Nc4 20. Bc1 exd4 21.
cxd4 c6 22. b3 Na5 23. Be3 Nb7 24. Bd3 Ne7 25. b4 d5 26. e5 Nd8 27. Ke2 Ne6 28.
Rc1 Ra4 29. Rb1 Ra2+ 30. Kd1 g5 31. g4 Kg7 32. Bc2 Bd8 33. Bb3 Ra6 34. Bc2 Ra3
35. Rb3 Ra6 36. h4 Ng6 37. hxg5 hxg5 38. Rb1 Nh4 39. Nd2 Bb6 40. Nb3 Ng2 41.
Kd2 Ra3 42. Rh1 Nh4 43. Ke2 Bd8 44. Ra1 Rxa1 45. Nxa1 Be7 46. Nb3 Bxb4 47. Nc5
Bxc5 48. dxc5 Ng2 49. Bf5 Nxe3 50. Bxe6 Nc4 51. Bf5 Nxe5 52. Ke3 f6 53. Kd4 Nc4
54. Bd7 Na5 55. Be6 Nb3+ 56. Kc3 Nxc5 57. Bf5 Ne4+ 0-1